Vehicles on a roll (Record no. 70705)
[ view plain ]
| 000 -LEADER | |
|---|---|
| fixed length control field | 01376cam a2200229 4500 |
| 001 - CONTROL NUMBER | |
| control field | ABS65589 |
| 008 - FIXED-LENGTH DATA ELEMENTS--GENERAL INFORMATION | |
| fixed length control field | 020710n2002 000 0 eng u |
| 035 ## - SYSTEM CONTROL NUMBER | |
| System control number | (Sirsi) u118768 |
| 100 ## - MAIN ENTRY--PERSONAL NAME | |
| Personal name | Seidl, A. |
| 245 ## - TITLE STATEMENT | |
| Title | Vehicles on a roll |
| 260 ## - PUBLICATION, DISTRIBUTION, ETC. | |
| Date of publication, distribution, etc. | 2002 |
| 490 ## - SERIES STATEMENT | |
| Series statement | Estates Gazette |
| Volume/sequential designation | (0225) 22 June 2002, 78-79(2) |
| 520 ## - SUMMARY, ETC. | |
| Summary, etc. | Interest in commercial property investment has increased following relatively strong returns from this sector and the ground breaking launch of Scottish Widows' quoted UK Balanced Property Trust in January and more recently with Allsop & Co. new scheme. Other financial institutions such as Legal & General, AXA, Aberdeen and Prudential are said to be looking at the feasibility of launching ISA-structured commercial property funds especially with the poor performance of equitites. Advises that setting up a property ISA is not very easy as Financial Services Authority requirements have to be met and hundreds of small investments have to be administered. With tables of performance of commercial property performance and details of the products on offer. |
| 590 ## - LOCAL NOTE (RLIN) | |
| Local note | ABS |
| 650 ## - SUBJECT ADDED ENTRY--TOPICAL TERM | |
| Topical term or geographic name entry element | PROPERTY-COMMERCIAL PROPERTY |
| 650 ## - SUBJECT ADDED ENTRY--TOPICAL TERM | |
| Topical term or geographic name entry element | SCOTTISH WIDOWS |
| 650 ## - SUBJECT ADDED ENTRY--TOPICAL TERM | |
| Topical term or geographic name entry element | ALLSOP AND CO |
| 650 ## - SUBJECT ADDED ENTRY--TOPICAL TERM | |
| Topical term or geographic name entry element | SMALL INVESTORS |
| 650 ## - SUBJECT ADDED ENTRY--TOPICAL TERM | |
| Topical term or geographic name entry element | PROPERTY ISAS |
| 690 ## - LOCAL SUBJECT ADDED ENTRY--TOPICAL TERM (OCLC, RLIN) | |
| Topical term or geographic name as entry element | PROPERTY-COMMERCIAL PROPERTY-COMMERCIAL PROPERTY FINANCE AND INVESTMENT |
| 942 ## - ADDED ENTRY ELEMENTS (KOHA) | |
| Suppress in OPAC | 0 |
| Withdrawn status | Lost status | Source of classification or shelving scheme | Damaged status | Not for loan | Home library | Current library | Shelving location | Date acquired | Total Checkouts | Full call number | Barcode | Date last seen | Copy number | Price effective from | Koha item type |
|---|---|---|---|---|---|---|---|---|---|---|---|---|---|---|---|
| Dewey Decimal Classification | London | London | Journal article | 10/07/2002 | ABS65589 | 118768-1001 | 06/08/2019 | 1 | 06/08/2019 | Journal article |